000 00801nam a22002657a 4500
001 BR9201983
003 BR-BrBNA
005 20230928095035.0
007 ta
008 230509b bl.||||| |||| 00| 0 por d
040 _aBR-BrBNA
_bpor
_cBiblioteca Nacional de Agricultura
041 _a(Por)
072 _aF30; F01
_b0175
090 _ 0175 BR9201983
110 1 _aOrganizacao das Cooperativas do Estado do Parana, Cascavel (Brasil)
_97725
111 1 _a3. Reuniao Brasileira de Triticale
_cCascavel, PR (Brazil)
_d18-20 Jul 1988
245 1 _aAnais da 3. Reuniao Brasileira de Triticale
260 3 _aCascavel, PR (Brasil):
_c1990.
300 _a314 p.
650 _aTriticale
650 _aVariedade
650 _aSelecao Genetica
909 _a202309
_bLucia
_c55
_dLucia Elande
942 _cBK
999 _c54155
_d54155